South Eastern Kenya University

Library Online Public Access Catalogue


Probability and statistics for engineers (Record no. 8752)

MARC details
000 -LEADER
fixed length control field 00760pam a2200265 a 4500
001 - CONTROL NUMBER
control field 2840564
003 - CONTROL NUMBER IDENTIFIER
control field OSt
005 - DATE AND TIME OF LATEST TRANSACTION
control field 20150909094941.0
008 - FIXED-LENGTH DATA ELEMENTS--GENERAL INFORMATION
fixed length control field 840214s1985 njua b 001 0 eng
010 ## - LIBRARY OF CONGRESS CONTROL NUMBER
LC control number 84003307
020 ## - INTERNATIONAL STANDARD BOOK NUMBER
International Standard Book Number 0137119380 :
Terms of availability $31.95
040 ## - CATALOGING SOURCE
Original cataloging agency SEKU
050 00 - LIBRARY OF CONGRESS CALL NUMBER
Classification number TA 340
Item number .M5 1985
100 1# - MAIN ENTRY--PERSONAL NAME
Personal name Miller, Irwin,
Dates associated with a name 1928-
245 10 - TITLE STATEMENT
Title Probability and statistics for engineers
Statement of responsibility, etc. Irwin Miller, John E. Freund.
250 ## - EDITION STATEMENT
Edition statement 3rd ed.
260 ## - PUBLICATION, DISTRIBUTION, ETC. (IMPRINT)
Place of publication, distribution, etc. Englewood Cliffs, NJ :
Name of publisher, distributor, etc. Prentice-Hall,
Date of publication, distribution, etc. c1985.
300 ## - PHYSICAL DESCRIPTION
Extent x, 530 p. :
Other physical details ill. ;
Dimensions 25 cm.
500 ## - GENERAL NOTE
General note Includes index.
504 ## - BIBLIOGRAPHY, ETC. NOTE
Bibliography, etc Bibliography: p. 475-477.
650 #0 - SUBJECT ADDED ENTRY--TOPICAL TERM
Topical term or geographic name as entry element Engineering
General subdivision Statistical methods.
650 #0 - SUBJECT ADDED ENTRY--TOPICAL TERM
Topical term or geographic name as entry element Probabilities.
700 1# - ADDED ENTRY--PERSONAL NAME
Personal name Freund, John E.
942 ## - ADDED ENTRY ELEMENTS (KOHA)
Source of classification or shelving scheme Library of Congress Classification
Koha item type General circulation
Holdings
Withdrawn status Lost status Source of classification or shelving scheme Damaged status Not for loan Home library Current library Shelving location Date acquired Source of acquisition Total Checkouts Full call number Barcode Date last seen Price effective from Koha item type Public note
    Library of Congress Classification     Wote Campus Library Wote Campus Library General Stacks 09/09/2015 Donation Books for Africa   TA 340 .M5 1985 2015/003184 09/09/2015 09/09/2015 General circulation amk
Kitui, Kenya.
+254736116989
library@seku.ac.ke